书目信息 |
| 题名: |
上火!上火!
|
|
| 作者: | 袁亮 , 李骁 著 | |
| 分册: | ||
| 出版信息: | 北京 科学技术文献出版社 2004 |
|
| 页数: | 217页 | |
| 开本: | 20cm | |
| 丛书名: | 珍爱生命丛书 | |
| 单 册: | ||
| 中图分类: | R228 | |
| 科图分类: | ||
| 主题词: | 火(中医)--基本知识 , 火(中医) | |
| 电子资源: | ||
| ISBN: | 7-5023-4562-0 | |
| 000 | 00821oam2 2200265 450 | |
| 001 | 002711752 | |
| 005 | 20061109143549.06 | |
| 010 | @a7-5023-4562-0@dCNY12.00 | |
| 100 | @a20040830d2004 em y0chiy0110 ea | |
| 101 | 0 | @achi |
| 102 | @aCN@b110000 | |
| 105 | @aa z 000yy | |
| 200 | 1 | @a上火!上火!@9shang huo ! shang huo !@f袁亮,李骁编著 |
| 210 | @a北京@c科学技术文献出版社@d2004 | |
| 215 | @a217页@c图@d20cm | |
| 225 | 2 | @a珍爱生命丛书 |
| 330 | @a本书结合漫画,介绍人机内的各种火、上火的病因、发病机制,症状的鉴别,检查与诊断,治疗以及预防,及保健知识等。 | |
| 461 | 0 | @12001 @a珍爱生命丛书 |
| 606 | 0 | @a火(中医)@x基本知识 |
| 606 | 0 | @a火(中医) |
| 690 | @aR228@v4 | |
| 701 | 0 | @a袁亮@9yuan liang@c(医学)@4著 |
| 701 | 0 | @a李骁@9li xiao@4编著 |
| 801 | 0 | @aCN@bNLC@c20061109 |
| 905 | @a10447@dR228@e184 | |
| 上火!上火!/袁亮,李骁编著.-北京:科学技术文献出版社,2004 |
| 217页:图;20cm.-(珍爱生命丛书) |
| ISBN 7-5023-4562-0:CNY12.00 |
| 本书结合漫画,介绍人机内的各种火、上火的病因、发病机制,症状的鉴别,检查与诊断,治疗以及预防,及保健知识等。 |
| ● |
| 相关链接 |
|
|
|
|
正题名:上火!上火!
索取号:R228/184
 
预约/预借
| 序号 | 登录号 | 条形码 | 馆藏地/架位号 | 状态 | 备注 |
| 1 | 0386038 | 203860385 | 第二样本阅览室/ [索取号:R228/184] | 在馆 | |
| 2 | 0386039 | 203860394 | 第三借阅区/ [索取号:R228/184] | 在馆 | |
| 3 | 0386040 | 203860401 | 第三借阅区/ [索取号:R228/184] | 在馆 | |
| 4 | 0386041 | 203860410 | 第三借阅区/ [索取号:R228/184] | 在馆 | |
| 5 | 0386042 | 203860429 | 第三借阅区/ [索取号:R228/184] | 在馆 |